| 000 | 00913nam a2200241 i 4500 | ||
|---|---|---|---|
| 001 | 164648 | ||
| 003 | ES-MaACL | ||
| 005 | 20250714081356.0 | ||
| 008 | 050803m18901910fr | |||||||| ||fre d | ||
| 040 |
_aCAM _bspa _cCAM |
||
| 100 | 1 |
_aSand, George, _d1804-1876 _9103060 |
|
| 245 | 1 | 0 |
_aConsuelo / _cGeorge Sand. |
| 260 |
_aParis : _bCalmann-Lévy éditeurs, _c[s.a.] ( _eImprimerie de Lagny : _fE. Grevin) |
||
| 300 |
_a3 v. (353; 359; 411 p.) ; _c18 cm. |
||
| 490 | 1 | _aNouvelle collection Michel Lévy | |
| 490 | 1 | _aOeuvres de George Sand | |
| 596 | _aProbablemente impreso en la última década del siglo XIX o primera del siglo XX. | ||
| 598 | _aLa primera serie tomada de la cub. y la segunda de la antep. | ||
| 830 | 0 |
_aNouvelle collection Michel Lévy _9222203 |
|
| 830 | 0 |
_aOeuvres de George Sand _9188465 |
|
| 852 |
_aES-MaACL _jG-9011-9013 _z-- Rust. deteriorada |
||
| 999 |
_c164648 _d164648 |
||